000 00612nmc a2200217 a 4500
003 AR-X00000XY
005 20251128212021.0
008 147020s1963 ||||||||||||||000 | spa||
040 _cAR-X00000XY
100 1 _aQuincey, Thomas de
245 1 0 _aDe l'assassinat considéré comme un des beaux-arts
260 _aParis
_bNouvel Office d'Edition
_c1963
300 0 _a180 p.
490 0 _aPoche-Club
_v15
500 0 _aCon subrayado de Alejandra Pizarnik
655 _aLITERATURA
700 _aBailey, William M.
_etraductor
700 1 _aRolin, Gabrielle
_eprologuista
942 _cBK
998 _cmartin
999 _c22092
_d22092